Ludzie na pieniądzach według państwa - Statystyki

Ogólne statystyki
  • Ten quiz został rozwiązany 2 763 razy
  • Średni wynik to 14 z 28
Statystyki odpowiedzi
Człowiek Państwo % Poprawnych
Mao Zedong Chiny
98%
Mahatma Gandhi Indie
95%
Czyngis-chan Mongolia
92%
Kim Il-sung Korea Północna
88%
Kazimierz Wielki Polska
85%
Piotr Wielki Rosja
83%
Ramzes II Egipt
82%
Nelson Mandela Republika Południowej Afryki
82%
Mustafa Kemal Atatürk Turcja
79%
Ho Chi Minh Wietnam
72%
Nikola Tesla Serbia
71%
Che Guevara Kuba
66%
Nursułtan Nazarbajew Kazachstan
58%
Benito Juárez Meksyk
44%
Ruhollah Chomejni Iran
42%
Hannibal Tunezja
40%
Niels Bohr Dania
30%
Edmund Hillary Nowa Zelandia
30%
Stefan I Węgry
27%
Sun Yat-sen Tajwan
25%
Edvard Munch Norwegia
24%
Greta Garbo Szwecja
20%
José de San Martín Argentyna
17%
Patrice Lumumba Demokratyczna Republika Konga
15%
Abd Allah II ibn Husajn Jordania
14%
Manuel L. Quezon Filipiny
13%
Toussaint Louverture Haiti
12%
Muhammad Ali Jinnah Pakistan
11%
Nie znaleziono quizów pasujących do podanych kryteriów
Rozkład punktacji
Procent ludzi z każdym wynikiem
Percentyl według liczby udzielonych odpowiedzi
Twoja historia wyników
Nie rozwiązałeś tego quizu